000 00417nam a2200181Ia 4500
001 19209
005 20260306171727.0
008 260306s9999||||xx |||||||||||||| ||und||
041 _aESP
082 _a658.802
_bA11
100 _aAbascal Rojas, Francisco
_eAUT
245 0 _aComo se hace un plan estratégico
260 _c2001
300 _a
_c
650 _aGEN
654 _aCAN
942 _cLIB
_dJUS
_fJUS
_2ddc
_n
999 _c19209
_d19209